000 00493nam a2200193Ia 4500
003 OSt
005 20230524163937.0
008 210423s2002 xx 000 0 und d
040 _cAL
041 _aeng
082 _a658
_223
_bCHHP
100 _aCHHABRA (T N)
_9113063
245 _aPrinciples and practice of management
260 _bDhanpat Rai and Co
_c2002
365 _b130
_cINR
650 _aManagement
_9113064
906 _amanagement ; practice ; Principles
942 _2ddc
_cBK
999 _c172973
_d172973